Welcome to WEB OPAC of MRSPTU Central Library

MM (Marketing Management) (Record no. 5608)

MARC details
000 -LEADER
fixed length control field 00510nam a2200217Ia 4500
003 - CONTROL NUMBER IDENTIFIER
control field OSt
005 - DATE AND TIME OF LATEST TRANSACTION
control field 20260417155253.0
008 - FIXED-LENGTH DATA ELEMENTS--GENERAL INFORMATION
fixed length control field 230711s9999||||xx |||||||||||||| ||und||
020 ## - INTERNATIONAL STANDARD BOOK NUMBER
International Standard Book Number 978-81-315-1016-2
040 ## - CATALOGING SOURCE
Transcribing agency MRSPTU
041 ## - LANGUAGE CODE
Language code of text/sound track or separate title ENG
082 ## - DEWEY DECIMAL CLASSIFICATION NUMBER
Classification number 658
Item number IA-M
100 ## - MAIN ENTRY--PERSONAL NAME
Personal name Lacobucci,Dawn
245 #0 - TITLE STATEMENT
Title MM (Marketing Management)
250 ## - EDITION STATEMENT
Edition statement 1st
260 ## - PUBLICATION, DISTRIBUTION, ETC.
Date of publication, distribution, etc. 2012
Place of publication, distribution, etc. Delhi
Name of publisher, distributor, etc. Cengage Learning
300 ## - PHYSICAL DESCRIPTION
Extent 270
650 ## - SUBJECT ADDED ENTRY--TOPICAL TERM
Topical term or geographic name entry element UNIVESITY BUSNIESS SCHOOL
700 ## - ADDED ENTRY--PERSONAL NAME
Personal name Kapoor.Avinash
942 ## - ADDED ENTRY ELEMENTS (KOHA)
Koha item type Book
Source of classification or shelving scheme Dewey Decimal Classification
Holdings
Withdrawn status Lost status Damaged status Not for loan Collection Home library Current library Date acquired Total checkouts Full call number Barcode Date last seen Price effective from Koha item type Date last checked out
          MRSPTU Central Library MRSPTU Central Library     658 IA-M 25501 08/17/2023 08/17/2023 Book  
          MRSPTU Central Library MRSPTU Central Library     658 IA-M 25502 08/17/2023 08/17/2023 Book  
          MRSPTU Central Library MRSPTU Central Library     658 IA-M 25503 08/17/2023 08/17/2023 Book  
          MRSPTU Central Library MRSPTU Central Library   1 658 IA-M 25504 09/26/2024 08/17/2023 Book 09/09/2024
          MRSPTU Central Library MRSPTU Central Library     658 IA-M 25505 08/17/2023 08/17/2023 Book  
          MRSPTU Central Library MRSPTU Central Library     658 IA-M 25506 08/17/2023 08/17/2023 Book  

Website Designed and Developed by MRSPTU Central Library Team

E-mail Id: librarian@mrsptu.ac.in